=LDR 00000nam 2200000 4500 =001 INLIS000000000037444 =005 20250523115517 =035 ##$$a 0010-061300000037444 =008 250523################g##########0#ind## =041 ##$$a Ind =082 ##$$a 2x5.1 =090 ##$$a 2x5.1, Alg t =100 1#$$a Al Gazali, Iman =245 1#$$a Tazkiyatun Nafs : $b Tangga menuju kedamaian jiwa /$c Imam Al-Ghazali, Ibnul Qayyim Al-Jauziyah, Ibnu Rajab Al-Hambali; Penyunting, Dadi M.H. Basri =260 ##$$a Jakarta :$b Hidayah Ilahi,$c [s.a] =300 ##$$a 210 hlm, ; $c 17 x 12 cm. =650 #4$$a Akhlak =700 #$$a Ibnul Qayyim Al-Jauziyah =700 #$$a Ibnu Rajab Al-Hambali =850 ##$$a NBPNMAT =084 ##$$a 2x5.1 ALG t =250 ##$$a cet. 1 =990 ##$$a DW00016696 =990 ##$$a DW00016697 =990 ##$$a DW00016698 =990 ##$$a DW00016699 =990 ##$$a DW00016700 =990 ##$$a 21105377 =990 ##$$a 21105374/pb/2011 =990 ##$$a 21105376 =990 ##$$a 1201101675 =990 ##$$a 21105376 =990 ##$$a DW00016696 =990 ##$$a DW00016697 =990 ##$$a DW00016698 =990 ##$$a DW00016699 =990 ##$$a DW00016700 =990 ##$$a 21105377 =990 ##$$a 21105374/pb/2011 =990 ##$$a 1201101675